[Event "Anogia op 8th"]
[Site "Anogia"]
[Date "2019.08.22"]
[Round "6"]
[White "Avramidou, Anastasia"]
[Black "Kokolias, Konstantinos"]
[Result "1-0"]
[WhiteElo "2246"]
[BlackElo "2105"]
[PlyCount "93"]
[EventDate "2019.08.18"]
[EventType "swiss"]
[EventRounds "9"]
[EventCountry "GRE"]
[SourceTitle "EXT 2020"]
[Source "ChessBase"]
[SourceDate "2019.10.17"]
[SourceVersion "1"]
[SourceVersionDate "2019.10.17"]
[SourceQuality "1"]

1. d4 d5 2. c4 c6 3. cxd5 cxd5 4. Nc3 e5 5. e4 dxe4 6. Bb5+ Bd7 7. dxe5 Bb4 8. Qb3 Qe7 9. Qc4 Bxb5 10. Qxb5+ Nc6 11. Nge2 a6 12. Qb6 Ba5 13. Qb3 Qb4 14. 0-0 Qxb3 15. axb3 Bc7 16. Nxe4 Bxe5 17. Bf4 0-0-0 18. Rfd1 Nge7 19. Bxe5 Nxe5 20. f4 Nd3 21. Ng5 Rd7 22. Nxf7 Rf8 23. Ng5 Nxf4 24. Nxf4 Rxf4 25. Nxh7 Rb4 26. Nf8 Rxd1+ 27. Rxd1 Rxb3 28. Ne6 Nc6 29. Nxg7 Rxb2 30. h4 Ne5 31. Rd4 a5 32. h5 Rb4 33. Rd1 Ng4 34. Nf5 Rb6 35. g3 a4 36. Ra1 Rf6 37. Ne7+ Kd7 38. Rxa4 Ne3 39. Ng6 Rf5 40. h6 Rf1+ 41. Kh2 Rf2+ 42. Kh3 Rf1 43. Kh4 Kd6 44. g4 Rh1+ 45. Kg5 b5 46. Re4 Nd5 47. Nh4 1-0

[Event "Anogia op 7th"]
[Site "Anogia"]
[Date "2018.08.17"]
[Round "1"]
[White "Kokolias, Konstantinos"]
[Black "Markidis, Konstantinos"]
[Result "1/2-1/2"]
[WhiteElo "2104"]
[BlackElo "2335"]
[PlyCount "32"]
[EventDate "2018.08.17"]
[EventType "swiss"]
[EventRounds "9"]
[EventCountry "GRE"]
[SourceTitle "CBM 186 Extra"]
[Source "ChessBase"]
[SourceDate "2018.08.24"]
[SourceVersion "1"]
[SourceVersionDate "2018.08.24"]
[SourceQuality "1"]

1. e4 e6 2. d4 d5 3. Nd2 Be7 4. Bd3 c5 5. dxc5 Nf6 6. Qe2 0-0 7. Ngf3 a5 8. 0-0 Na6 9. e5 Nd7 10. c4 Naxc5 11. Bc2 b6 12. Rd1 Bb7 13. b3 Qc7 14. Bb2 Rfd8 15. Rac1 Nf8 16. Nd4 Rac8 1/2-1/2

[Event "Anogia op 3rd"]
[Site "Anogia"]
[Date "2014.08.03"]
[Round "6"]
[White "Koutsogiannopoulou, Theodora"]
[Black "Kokolias, Konstantinos"]
[Result "1-0"]
[WhiteElo "1855"]
[BlackElo "2109"]
[PlyCount "69"]
[EventDate "2014.07.30"]
[EventType "swiss"]
[EventRounds "9"]
[EventCountry "GRE"]
[SourceTitle "CBM 161 Extra"]
[Source "ChessBase"]
[SourceDate "2014.08.29"]
[SourceVersion "1"]
[SourceVersionDate "2014.08.29"]
[SourceQuality "1"]

1. e4 e5 2. Nf3 Nc6 3. Bb5 a6 4. Ba4 Nf6 5. 0-0 Be7 6. Re1 b5 7. Bb3 d6 8. c3 0-0 9. h3 Na5 10. Bc2 c5 11. d4 Qc7 12. d5 c4 13. Nbd2 Bd7 14. Nf1 Nb7 15. Ng3 g6 16. Bg5 Rfc8 17. Qd2 Qd8 18. Bh6 Bf8 19. Nh2 Bxh6 20. Qxh6 Qf8 21. Qd2 Re8 22. Rad1 Nc5 23. f4 Qh6 24. fxe5 Qxd2 25. Rxd2 Rxe5 26. Nf3 Re7 27. e5 Rae8 28. exf6 Rxe1+ 29. Nxe1 Rxe1+ 30. Kf2 Re5 31. Rd4 Kf8 32. b3 cxb3 33. axb3 h5 34. b4 h4 35. Rxh4 1-0

[Event "Anogia op 3rd"]
[Site "Anogia"]
[Date "2014.08.02"]
[Round "5"]
[White "Malikentzos, Sotirios"]
[Black "Kokolias, Konstantinos"]
[Result "1-0"]
[WhiteElo "2352"]
[BlackElo "2109"]
[PlyCount "95"]
[EventDate "2014.07.30"]
[EventType "swiss"]
[EventRounds "9"]
[EventCountry "GRE"]
[SourceTitle "CBM 161 Extra"]
[Source "ChessBase"]
[SourceDate "2014.08.29"]
[SourceVersion "1"]
[SourceVersionDate "2014.08.29"]
[SourceQuality "1"]

1. Nf3 d5 2. g3 c6 3. Bg2 Bg4 4. c4 e6 5. 0-0 Nd7 6. d3 Bxf3 7. Bxf3 dxc4 8. d4 Ngf6 9. Nd2 Nb6 10. e3 Nfd5 11. Qe2 c3 12. Nb3 cxb2 13. Bxb2 Na4 14. e4 Nf6 15. d5 Nxb2 16. Qxb2 cxd5 17. exd5 exd5 18. Nd4 Qd7 19. Rfe1+ Be7 20. Qe2 Kf8 21. Rac1 Bb4 22. Red1 g6 23. Qb2 Qe7 24. Nb5 Ba5 25. Rxd5 Kg7 26. g4 h6 27. h4 Kh7 28. Re5 Qb4 29. Qxb4 Bxb4 30. Rc7 Kg7 31. Rxb7 Rhe8 32. Rxe8 Rxe8 33. Nxa7 Bc5 34. Nc6 Ne4 35. Kg2 Nxf2 36. Rd7 Bb6 37. a4 Ne4 38. a5 Nf6 39. Rb7 Bc5 40. a6 Re1 41. Nd8 Rg1+ 42. Kh2 Nxg4+ 43. Bxg4 Rxg4 44. Ne6+ Kf6 45. Nxc5 Rxh4+ 46. Kg3 Rh1 47. a7 Ra1 48. Rb6+ 1-0

[Event "Nikaia op-A 20th"]
[Site "Nikea"]
[Date "2012.08.31"]
[Round "7.3"]
[White "Kokolias, Konstantinos"]
[Black "Bagaturov, Giorgi"]
[Result "0-1"]
[WhiteElo "2205"]
[BlackElo "2461"]
[PlyCount "85"]
[EventDate "2012.08.26"]
[EventType "swiss"]
[EventRounds "9"]
[EventCountry "GRE"]
[SourceTitle "EXT 2024"]
[Source "ChessBase"]
[SourceDate "2023.10.10"]
[SourceVersion "1"]
[SourceVersionDate "2023.10.10"]
[SourceQuality "1"]

1. Nc3 c5 2. Nf3 g6 3. d4 cxd4 4. Nxd4 Bg7 5. e4 Nc6 6. Nb3 Nf6 7. Be2 0-0 8. 0-0 d6 9. Re1 Be6 10. Bf1 Ne5 11. Nd5 Nxd5 12. exd5 Bg4 13. Be2 Bxe2 14. Qxe2 Rc8 15. c3 Re8 16. Be3 Nc4 17. Bd4 Bxd4 18. Nxd4 Nb6 19. Rad1 Nxd5 20. Nb5 Rc5 21. Nxd6 Qxd6 22. c4 Qc6 23. cxd5 Rxd5 24. Rxd5 Qxd5 25. Rd1 Qxa2 26. Qb5 Rb8 27. h3 Qe6 28. Qc5 Qb6 29. Qxb6 axb6 30. Rd5 Rc8 31. Rd7 Rc1+ 32. Kh2 Rc2 33. Rxe7 Rxf2 34. b3 Rb2 35. Re3 h5 36. h4 Rd2 37. Re4 Rd5 38. Rb4 b5 39. Re4 Kg7 40. Kg1 Kf6 41. Kf2 Rf5+ 42. Kg3 Re5 43. Rd4 0-1

[Event "Isthmia op-A 2nd"]
[Site "Korinthos"]
[Date "2012.08.19"]
[Round "2"]
[White "Kokolias, Konstantinos"]
[Black "Shyam, Sundar M"]
[Result "0-1"]
[WhiteElo "2205"]
[BlackElo "2486"]
[PlyCount "76"]
[EventDate "2012.08.18"]
[EventType "swiss"]
[EventRounds "9"]
[EventCountry "GRE"]
[SourceTitle "CBM 150 Extra"]
[Source "ChessBase"]
[SourceDate "2012.10.19"]
[SourceVersion "1"]
[SourceVersionDate "2012.10.19"]
[SourceQuality "1"]

1. e4 c5 2. Nf3 d6 3. d4 cxd4 4. Nxd4 Nf6 5. Nc3 a6 6. f3 e5 7. Nb3 Be6 8. Be3 Be7 9. Qd2 0-0 10. g4 d5 11. exd5 Nxd5 12. Nxd5 Bh4+ 13. Bf2 Bxd5 14. Bxh4 Qxh4+ 15. Qf2 Qf6 16. Be2 Nc6 17. 0-0-0 Qf4+ 18. Kb1 Rad8 19. Rhf1 Rfe8 20. Bd3 g6 21. Nc5 Nd4 22. Be4 Bxe4 23. fxe4 Qxf2 24. Rxf2 Ne6 25. Nd3 Nc5 26. Re2 Re6 27. Nf2 Rxd1+ 28. Nxd1 Rf6 29. b4 Rf1 30. Kc1 Ne6 31. Kd2 Ng5 32. Nc3 Rg1 33. Na4 Rxg4 34. Nc5 b5 35. Nd7 Kg7 36. Nxe5 Rh4 37. Kd3 Rh3+ 38. Kd4 Ne6+ 0-1

[Event "Gazi op 8th"]
[Site "Gazi"]
[Date "2012.08.09"]
[Round "7"]
[White "Azaladze, Shota"]
[Black "Kokolias, Konstantinos"]
[Result "1-0"]
[WhiteElo "2466"]
[BlackElo "2205"]
[PlyCount "79"]
[EventDate "2012.08.04"]
[EventType "swiss"]
[EventRounds "9"]
[EventCountry "GRE"]
[SourceTitle "EXT 2024"]
[Source "ChessBase"]
[SourceDate "2023.10.10"]
[SourceVersion "1"]
[SourceVersionDate "2023.10.10"]
[SourceQuality "1"]

1. g3 d5 2. Bg2 c6 3. d3 e5 4. Nd2 Nf6 5. e4 dxe4 6. dxe4 Bc5 7. Ngf3 Bg4 8. 0-0 Nbd7 9. h3 Bh5 10. Qe1 0-0 11. Nb3 Bb6 12. a4 a5 13. Bd2 Re8 14. Bc3 Bxf3 15. Bxf3 Nc5 16. Nd2 Ne6 17. Nc4 Nd4 18. Qd1 Bc5 19. Bg2 b6 20. Kh1 Qc7 21. f4 Rad8 22. fxe5 Rxe5 23. Nxe5 Qxe5 24. Qd3 Nh5 25. Kh2 Qc7 26. Rae1 Bd6 27. e5 Bxe5 28. Bxd4 Bxg3+ 29. Kh1 Bxe1 30. Rxe1 h6 31. Be5 Qe7 32. Qf3 Qg5 33. Bc3 c5 34. Qg4 Qxg4 35. hxg4 Nf4 36. Bc6 Kf8 37. Kh2 h5 38. Kg3 g5 39. gxh5 f5 40. h6 1-0

[Event "Gazi op 8th"]
[Site "Gazi"]
[Date "2012.08.08"]
[Round "6"]
[White "Kokolias, Konstantinos"]
[Black "Mastrovasilis, Athanasios"]
[Result "1/2-1/2"]
[WhiteElo "2205"]
[BlackElo "2539"]
[PlyCount "141"]
[EventDate "2012.08.04"]
[EventType "swiss"]
[EventRounds "9"]
[EventCountry "GRE"]
[SourceTitle "EXT 2024"]
[Source "ChessBase"]
[SourceDate "2023.10.10"]
[SourceVersion "1"]
[SourceVersionDate "2023.10.10"]
[SourceQuality "1"]

1. d4 d5 2. c4 e6 3. Nc3 Nf6 4. Bg5 Nbd7 5. e3 h6 6. Bh4 Be7 7. Nf3 0-0 8. Qc2 c6 9. Bd3 dxc4 10. Bxc4 Nd5 11. Bxe7 Qxe7 12. 0-0 Nxc3 13. Qxc3 b6 14. Rfd1 Bb7 15. Be2 Rfc8 16. b4 c5 17. dxc5 bxc5 18. b5 c4 19. Ne5 Nxe5 20. Qxe5 c3 21. Rac1 c2 22. Rd2 Qb4 23. Qd4 Qb1 24. Rdxc2 Qxc1+ 25. Rxc1 Rxc1+ 26. Bd1 Be4 27. Qd2 Rac8 28. f3 Bd5 29. Kf2 Ra1 30. Bb3 Bxb3 31. axb3 Rac1 32. Kg3 R1c7 33. b6 axb6 34. Qb4 Rc6 35. h4 h5 36. Kf4 Re8 37. Qb5 e5+ 38. Ke4 Ree6 39. g4 Rc1 40. Qd7 hxg4 41. fxg4 Rg1 42. g5 g6 43. Kf3 Kg7 44. b4 Rb1 45. Qb5 Rh1 46. Kg3 Rg1+ 47. Kf3 Rb1 48. Kg3 Rd1 49. Kg4 Rd8 50. Kg3 Kg8 51. Kf3 Rd2 52. Kg3 Kh7 53. Qf1 Rd7 54. Qb5 Rde7 55. Qd5 e4 56. Qd4 b5 57. Kf4 Rc7 58. Qd5 Rc2 59. Qxb5 Rf2+ 60. Kg4 Rf3 61. Qd7 Ra6 62. Qd4 Ra3 63. Qxe4 Rfxe3 64. Qd5 Re7 65. h5 Rae3 66. hxg6+ fxg6 67. Qh1+ Kg8 68. Qd5+ Kh7 69. Qh1+ Kg8 70. Qd5+ Kh7 71. Qh1+ 1/2-1/2

[Event "Anogia op 1st"]
[Site "Anogia"]
[Date "2012.08.02"]
[Round "6"]
[White "Maiorov, Nikita"]
[Black "Kokolias, Konstantinos"]
[Result "1-0"]
[WhiteElo "2574"]
[BlackElo "2228"]
[PlyCount "41"]
[EventDate "2012.07.30"]
[EventType "swiss"]
[EventRounds "7"]
[EventCountry "GRE"]
[SourceTitle "EXT 2013"]
[Source "ChessBase"]
[SourceDate "2012.11.22"]
[SourceVersion "1"]
[SourceVersionDate "2012.11.22"]
[SourceQuality "1"]

1. d4 d5 2. c4 dxc4 3. e4 e5 4. Nf3 exd4 5. Bxc4 Nc6 6. 0-0 Be6 7. Bxe6 fxe6 8. Qb3 Qd7 9. Qxb7 Rb8 10. Qa6 Nf6 11. Nbd2 Bc5 12. b3 0-0 13. Bb2 Ng4 14. Rac1 Bb6 15. Qb5 Nce5 16. Qxd7 Nxd7 17. Bxd4 Rbd8 18. Rc2 e5 19. Bxb6 cxb6 20. b4 Rf7 21. Rfc1 1-0

[Event "Anogia op 1st"]
[Site "Anogia"]
[Date "2012.08.01"]
[Round "4"]
[White "Papandreou, Nikolaos"]
[Black "Kokolias, Konstantinos"]
[Result "0-1"]
[WhiteElo "2045"]
[BlackElo "2228"]
[PlyCount "74"]
[EventDate "2012.07.30"]
[EventType "swiss"]
[EventRounds "7"]
[EventCountry "GRE"]
[SourceTitle "EXT 2013"]
[Source "ChessBase"]
[SourceDate "2012.11.22"]
[SourceVersion "1"]
[SourceVersionDate "2012.11.22"]
[SourceQuality "1"]

1. e4 e5 2. Nf3 Nc6 3. Bc4 Bc5 4. 0-0 Nf6 5. d3 d6 6. h3 Na5 7. Bb3 0-0 8. Bg5 Nxb3 9. axb3 h6 10. Be3 Qe7 11. Nc3 Bd7 12. Bxc5 dxc5 13. Qd2 Bc6 14. Nh4 Nxe4 15. Nxe4 Qxh4 16. Nxc5 Qg5 17. Qxg5 hxg5 18. Rfe1 Rfe8 19. Ne4 f6 20. f3 a5 21. Kf2 b6 22. Rh1 Kf7 23. h4 gxh4 24. Rxh4 Rh8 25. Rah1 Rxh4 26. Rxh4 a4 27. Nd2 axb3 28. Nxb3 Bd5 29. Rb4 Ra2 30. Nd2 Ke6 31. Ne4 Ra1 32. Nc3 Rc1 33. Ke3 Rxc2 34. Ne2 Kd6 35. d4 exd4+ 36. Rxd4 Rxb2 37. Nf4 c6 0-1

[Event "Athens op 01-A"]
[Site "Athens"]
[Date "2012.01.31"]
[Round "4"]
[White "Sideris, Theodoros"]
[Black "Kokolias, Konstantinos"]
[Result "0-1"]
[WhiteElo "2028"]
[BlackElo "2181"]
[PlyCount "128"]
[EventDate "2012.01.10"]
[EventType "swiss"]
[EventRounds "7"]
[EventCountry "GRE"]
[SourceTitle "EXT 2014"]
[Source "ChessBase"]
[SourceDate "2013.11.20"]
[SourceVersion "1"]
[SourceVersionDate "2013.11.20"]
[SourceQuality "1"]

1. e4 e5 2. Nf3 Nc6 3. d4 exd4 4. Nxd4 Nf6 5. Nxc6 bxc6 6. Bd3 d5 7. e5 Ng4 8. 0-0 Be7 9. Qe2 f6 10. exf6 Nxf6 11. Re1 Kf7 12. Bg5 Bg4 13. f3 Bc5+ 14. Kf1 Qd6 15. Be3 Bxe3 16. Qxe3 Rhe8 17. Qf2 Rxe1+ 18. Qxe1 Qxh2 19. Qf2 Re8 20. Nc3 Qh1+ 21. Qg1 Qxg1+ 22. Kxg1 Bh5 23. Kf2 Bg6 24. Bxg6+ Kxg6 25. Rd1 Nd7 26. Ne2 Kf6 27. Rd3 Rb8 28. b3 g6 29. Rd4 Nb6 30. Rf4+ Kg7 31. Nd4 Nd7 32. Nxc6 Rb6 33. Ne7 Nf6 34. Ra4 Re6 35. Nc8 a6 36. Rb4 Nd7 37. Na7 Nb6 38. Rd4 Kf6 39. a4 Ke5 40. Rh4 h5 41. Ke3 Kd6+ 42. Kd3 Re8 43. Rf4 Nd7 44. c4 Ra8 45. Rd4 Rxa7 46. Rxd5+ Ke6 47. Kc3 c5 48. Rg5 Kf6 49. Rd5 h4 50. f4 a5 51. Kd3 Rb7 52. Ke4 Ke6 53. Rd3 Nf6+ 54. Kf3 Rc7 55. Re3+ Kf7 56. Re5 Nd7 57. Re1 Rb7 58. Re3 Nf8 59. Kg4 Ne6 60. Kxh4 Kf6 61. g3 Nd4 62. g4 Rxb3 63. g5+ Kf7 64. Re4 Nf5+ 0-1

[Event "Athens Smaok 1900+ 13th"]
[Site "Athens"]
[Date "2011.12.20"]
[Round "7.1"]
[White "Goumas, Georgios"]
[Black "Kokolias, Konstantinos"]
[Result "1-0"]
[WhiteElo "2369"]
[BlackElo "2158"]
[PlyCount "73"]
[EventDate "2011.11.08"]
[EventType "swiss"]
[EventRounds "7"]
[EventCountry "GRE"]
[SourceTitle "EXT 2024"]
[Source "ChessBase"]
[SourceDate "2023.10.10"]
[SourceVersion "1"]
[SourceVersionDate "2023.10.10"]
[SourceQuality "1"]

1. e4 e5 2. Nf3 Nc6 3. Bb5 a6 4. Ba4 Nf6 5. 0-0 Be7 6. Re1 b5 7. Bb3 d6 8. c3 0-0 9. h3 Na5 10. Bc2 c5 11. d4 Qc7 12. Nbd2 cxd4 13. cxd4 Bb7 14. d5 Bc8 15. Re3 Bd7 16. Rc3 Qb8 17. b4 Nb7 18. Nb3 a5 19. Nxa5 Nxa5 20. bxa5 Rxa5 21. Ra3 Bd8 22. Rb1 Qa7 23. Rbb3 Bb6 24. Rxa5 Bxa5 25. Be3 Bb6 26. Bxb6 Qxb6 27. Bd3 Qc5 28. Qb1 Rc8 29. Ne1 Qc1 30. Qxc1 Rxc1 31. Kf1 Kf8 32. Ke2 Ke7 33. Bc2 Ra1 34. Rb2 b4 35. f3 b3 36. Bxb3 Ne8 37. Bd1 1-0

[Event "Athens Smaok 1900+ 13th"]
[Site "Athens"]
[Date "2011.11.22"]
[Round "3.1"]
[White "Kokolias, Konstantinos"]
[Black "Sandalakis, Angelos"]
[Result "0-1"]
[WhiteElo "2158"]
[BlackElo "2391"]
[PlyCount "84"]
[EventDate "2011.11.08"]
[EventType "swiss"]
[EventRounds "7"]
[EventCountry "GRE"]
[SourceTitle "EXT 2024"]
[Source "ChessBase"]
[SourceDate "2023.10.10"]
[SourceVersion "1"]
[SourceVersionDate "2023.10.10"]
[SourceQuality "1"]

1. d4 Nf6 2. c4 e6 3. Nc3 Bb4 4. Qc2 d5 5. a3 Bxc3+ 6. Qxc3 Ne4 7. Qc2 Nc6 8. Nf3 e5 9. e3 Bf5 10. Bd3 exd4 11. Nxd4 Nxd4 12. exd4 0-0 13. 0-0 Bg6 14. f3 Nf6 15. Bg5 dxc4 16. Qxc4 Bxd3 17. Qxd3 Qd6 18. Bxf6 Qxf6 19. d5 Rfd8 20. Rfd1 Qb6+ 21. Qd4 Rxd5 22. Qxb6 Rxd1+ 23. Rxd1 axb6 24. Rc1 Rc8 25. Kf2 Kf8 26. Rc4 c5 27. Rh4 h6 28. Re4 Rd8 29. Ke2 Rd6 30. h3 f6 31. h4 Kf7 32. h5 b5 33. g4 Rd5 34. Re3 c4 35. Rc3 f5 36. a4 fxg4 37. fxg4 Rd4 38. axb5 Rxg4 39. Rf3+ Ke7 40. Re3+ Kd6 41. Rf3 Rg5 42. Rf7 b6 0-1

[Event "Isthmia op 1st"]
[Site "Vrachati"]
[Date "2011.08.23"]
[Round "7"]
[White "Theodorou, Nikolas"]
[Black "Kokolias, Konstantinos"]
[Result "1/2-1/2"]
[WhiteElo "1859"]
[BlackElo "2205"]
[PlyCount "115"]
[EventDate "2011.08.18"]
[EventType "swiss"]
[EventRounds "9"]
[EventCountry "GRE"]
[SourceTitle "CBM 144 Extra"]
[Source "ChessBase"]
[SourceDate "2011.10.28"]
[SourceVersion "1"]
[SourceVersionDate "2011.10.28"]
[SourceQuality "1"]

1. c4 c6 2. Nc3 d5 3. cxd5 cxd5 4. d4 e5 5. e3 exd4 6. exd4 Nf6 7. Bd3 Nc6 8. Nge2 Be7 9. 0-0 0-0 10. Bg5 Bg4 11. f3 Bh5 12. Nf4 Bg6 13. Bxg6 hxg6 14. Kh1 Qd7 15. Qd2 Qf5 16. Bxf6 Bxf6 17. Ncxd5 Bg5 18. Qd3 Qxd3 19. Nxd3 Rfd8 20. Nc3 Nxd4 21. f4 Bf6 22. Nf2 Nc2 23. Rac1 Bxc3 24. Rxc2 Bd2 25. g3 Rac8 26. Rxc8 Rxc8 27. Ne4 Bb4 28. Kg2 Kf8 29. a3 Be7 30. Rf2 Rc6 31. Rd2 Rb6 32. b4 Ke8 33. Rd3 Rc6 34. Kf3 Rc2 35. Rd2 Rxd2 36. Nxd2 Kd7 37. Nc4 Kc6 38. Na5+ Kb5 39. Nxb7 Ka4 40. Na5 a6 41. Nc6 Bd6 42. Na5 Bc7 43. Nb7 Bb6 44. Ke4 Kxa3 45. Nc5 Kxb4 46. Nxa6+ Kc4 47. Nb8 f5+ 48. Kf3 Kd5 49. Nd7 Bc5 50. g4 Bd6 51. g5 Kc6 52. Ne5+ Bxe5 53. fxe5 Kd5 54. Kf4 Ke6 55. h4 Kf7 56. Kf3 Ke7 57. Ke3 Kd7 58. Kf3 1/2-1/2